00775nam a2200253 i 4500001000300000100002100003245006800024260005100092300002800143490002500171534004100196650002800237700002800265830002100293020001800314040000800332041001300340080001400353920002200367942000700389008004100396999001700437952006700454bg1 aTuffelli, Nicole0 aSztuka XIX wieku /cNicole Tuffelli ; [tł. Wojciech Gilewski]. aWarszawa :bRzeczpospolita ;bHPS,ccop. 2007. a143 s. :bil. ;c26 cm.1 aKlasycy Sztuki ;v49 pTyt. oryg. :tL'Art au XIX siécle. 0aSztukaxhistoriay19 w.19aWaleńczak, IgoreTł. aKlasycy Sztuki ; a9788360688236 cBPK1 apolhfre a7.035"19" a978-83-60688-23-6 cKS s pl f |000 0 pol  c53766d53766 00104071aELBUDbELBUDcbo84566p02373621t7.03(091) HsyKS